Bình luận khoa học bộ Luật hình sự Việt Nam năm 1999; T1: Phần chung ( Từ điều 1 đến điều 77 )
Đã lưu trong:
| Príomhúdar: | |
|---|---|
| Formáid: | Leabhar |
| Teanga: | Undetermined |
| Foilsithe: |
Hà Nội
Chính Trị Quốc Gia
2001
|
| Ábhair: | |
| Clibeanna: |
Cuir Clib Leis
Gan Chlibeanna, Bí ar an gcéad duine leis an taifead seo a chlibeáil!
|
| Thư viện lưu trữ: | Trung tâm Học liệu Trường Đại học Cần Thơ |
|---|
| LEADER | 00601nam a2200169Ia 4500 | ||
|---|---|---|---|
| 001 | CTU_44137 | ||
| 008 | 210402s9999 xx 000 0 und d | ||
| 082 | |a 345.597 | ||
| 082 | |b L566/T1 | ||
| 100 | |a Uông Chu Lưu | ||
| 245 | 0 | |a Bình luận khoa học bộ Luật hình sự Việt Nam năm 1999; T1: Phần chung ( Từ điều 1 đến điều 77 ) | |
| 245 | 0 | |c Uông Chu Lưu | |
| 260 | |a Hà Nội | ||
| 260 | |b Chính Trị Quốc Gia | ||
| 260 | |c 2001 | ||
| 650 | |a criminal law ( vietnamese law ) | ||
| 980 | |a Trung tâm Học liệu Trường Đại học Cần Thơ | ||